| 000 | 00956nam0a22002651 4500 | ||
|---|---|---|---|
| 001 | rc\2604113 | ||
| 005 | 20250623132229.0 | ||
| 035 | _a(NLR Aleph) 006768135 | ||
| 090 |
_a5915775 _c5915775 |
||
| 100 | _a20110914d1930 |||y0rusy50 ca | ||
| 101 | 0 | _arus | |
| 102 | _aRU | ||
| 105 | _ay z ||||| | ||
| 200 | 1 |
_aВред суеверий и предрассудков для матери и ребенка _fД-р И. Бык |
|
| 205 | _a2-е изд., доп. | ||
| 210 |
_aМосква _aЛенинград _cГос. мед. изд-во _d1930 _g"Мосполиграф", 18 тип. им. М. И. Рогова |
||
| 215 |
_a46 с., [2] с. объявл. _d18х12 см. |
||
| 225 | 1 | _aОхрана материнства и младенчества | |
| 700 | 1 |
_aБык _bИ.М. _f1882- _gИосиф Моисеевич |
|
| 801 | 0 |
_aRU _bNLR _gpsbo |
|
| 801 | 1 |
_aRU _bELAR _2rusmarc |
|
| 852 |
_aNLR _j30.8/2789 |
||
| 942 | _cBOOK | ||
| 980 | _aNB | ||